[Event "SLO-ch"]
[Site "Bled"]
[Date "2003.08.05"]
[Round "4"]
[White "Gombac, Jan"]
[Black "Grosar, Aljosa"]
[Result "0-1"]
[WhiteElo "2302"]
[BlackElo "2459"]
[PlyCount "154"]
[EventDate "2003.08.03"]
[EventType "swiss"]
[EventRounds "9"]
[EventCountry "SLO"]
[SourceTitle "CBM 095 Extra"]
[Source "ChessBase"]
[SourceDate "2003.09.04"]
[SourceVersion "1"]
[SourceVersionDate "2003.09.04"]
[SourceQuality "1"]

1. d4 e6 2. Nf3 d5 3. c4 Nf6 4. Nc3 Be7 5. Bg5 h6 6. Bh4 0-0 7. e3 b6 8. Bd3 Bb7 9. 0-0 Nbd7 10. Qe2 a6 11. Rfd1 Ne4 12. Bg3 Nxc3 13. bxc3 dxc4 14. Bxc4 Nf6 15. Nd2 b5 16. Bb3 c5 17. a4 Nd5 18. Bxd5 Qxd5 19. e4 Qc6 20. f3 cxd4 21. cxd4 Rfc8 22. Nb3 bxa4 23. Na5 Qd7 24. Qa2 a3 25. Rab1 Bc6 26. Nc4 Ba4 27. Nb6 Rc2 28. Qxc2 Bxc2 29. Nxd7 a2 30. Ra1 Bxd1 31. Rxa2 a5 32. d5 Bb3 33. Rb2 a4 34. d6 Bg5 35. Nc5 Be3+ 36. Bf2 a3 37. Rb1 a2 38. Ra1 Bxc5 39. Bxc5 e5 40. Bb6 Be6 41. Bc7 Ra4 42. d7 Bxd7 43. Bxe5 f6 44. Bb2 Be6 45. Re1 Rb4 46. Ba1 Rb1 47. Kf2 Bc4 48. Bc3 Kf7 49. e5 f5 50. g4 g6 51. gxf5 gxf5 52. Rg1 f4 53. Rg4 Rc1 54. Rxf4+ Ke6 55. Rxc4 Rxc3 56. Ra4 Rc2+ 57. Ke3 Kxe5 58. Ra5+ Kd6 59. h4 Kc6 60. Kd3 Rf2 61. Kc3 Kb6 62. Ra8 Rxf3+ 63. Kb2 Rf2+ 64. Ka1 Rh2 65. Rxa2 Rxh4 66. Rg2 Kc5 67. Kb2 Kd4 68. Kc2 Ke3 69. Rg3+ Ke2 70. Rg6 h5 71. Re6+ Kf3 72. Kd3 Rf4 73. Re1 Kf2 74. Re2+ Kg3 75. Ke3 h4 76. Re1 Rf3+ 77. Ke2 Kg2 0-1

[Event "SLO-ch"]
[Site "Bled"]
[Date "2003.08.03"]
[Round "2"]
[White "Bratovic, Blaz"]
[Black "Grosar, Aljosa"]
[Result "1/2-1/2"]
[WhiteElo "2320"]
[BlackElo "2459"]
[PlyCount "81"]
[EventDate "2003.08.03"]
[EventType "swiss"]
[EventRounds "9"]
[EventCountry "SLO"]
[SourceTitle "CBM 095 Extra"]
[Source "ChessBase"]
[SourceDate "2003.09.04"]
[SourceVersion "1"]
[SourceVersionDate "2003.09.04"]
[SourceQuality "1"]

1. e4 e6 2. d4 d5 3. Nc3 Nf6 4. e5 Nfd7 5. f4 c5 6. Nf3 Nc6 7. Be3 a6 8. Qd2 b5 9. dxc5 Bxc5 10. Bxc5 Nxc5 11. Qf2 Qb6 12. b4 Nxb4 13. Rb1 d4 14. Nxd4 Ne4 15. Nxe4 Qxd4 16. Nd6+ Ke7 17. Qd2 Qxd2+ 18. Kxd2 Nd5 19. g3 f6 20. c4 bxc4 21. Bxc4 fxe5 22. fxe5 Rf8 23. Rhf1 Bd7 24. Bxd5 exd5 25. Kc3 Ke6 26. Kd4 Rxf1 27. Rxf1 Rb8 28. Rf7 Rb4+ 29. Kc5 Rg4 30. Rf4 Rxf4 31. gxf4 g5 32. fxg5 Kxe5 33. h4 Be6 34. h5 d4 35. Nc4+ Kf5 36. g6 hxg6 37. hxg6 d3 38. g7 Kf6 39. Kd4 d2 40. Nxd2 Bxa2 41. Kc5 1/2-1/2

[Event "AUT-chT 0203"]
[Site "Austria"]
[Date "2002.12.08"]
[Round "4.4"]
[White "Grosar, Aljosa"]
[Black "Ganaus, Hannes"]
[Result "1-0"]
[WhiteElo "2474"]
[BlackElo "2357"]
[PlyCount "89"]
[EventDate "2002.12.05"]
[EventType "team-tourn"]
[EventRounds "11"]
[EventCountry "AUT"]
[SourceTitle "CBM 091 ext"]
[Source "ChessBase"]
[SourceDate "2003.01.09"]
[SourceVersion "1"]
[SourceVersionDate "2003.01.09"]
[SourceQuality "1"]
[WhiteTeam "Graz Austria"]
[BlackTeam "Melk-Wachau SK NOE"]
[WhiteTeamCountry "AUT"]
[BlackTeamCountry "AUT"]

1. e4 e6 2. d4 d5 3. e5 c5 4. c3 Qb6 5. Nf3 Bd7 6. a3 a5 7. Bd3 Nc6 8. 0-0 Nh6 9. Bc2 Rc8 10. dxc5 Bxc5 11. Bxh6 gxh6 12. b4 Bf8 13. Re1 Bg7 14. Ra2 Ne7 15. bxa5 Qxa5 16. Rb2 Qc7 17. h4 Nc6 18. Qe2 Na5 19. a4 Nc4 20. Ra2 Kd8 21. Bd3 f5 22. Na3 Nxa3 23. Rxa3 Bf8 24. Rb3 Bxa4 25. Nd4 Ke7 26. Rb4 Bd7 27. Reb1 Bg7 28. Rxb7 Qxe5 29. Bb5 Rhd8 30. Bxd7 Rxd7 31. Rxd7+ Kxd7 32. Qb5+ Ke7 33. Nc6+ Rxc6 34. Qxc6 Kf6 35. Qc8 f4 36. Qd8+ Kf5 37. Qe7 Qf6 38. Qc7 h5 39. Rb4 Qe5 40. Qe7 Qf6 41. Qc7 Bh6 42. Rb7 Kg4 43. Qxh7 Kxh4 44. Rf7 Qg5 45. Rxf4+ 1-0

[Event "AUT-chT 0203"]
[Site "Austria"]
[Date "2002.12.05"]
[Round "1.2"]
[White "Hoelzl, Franz"]
[Black "Grosar, Aljosa"]
[Result "0-1"]
[WhiteElo "2372"]
[BlackElo "2474"]
[PlyCount "100"]
[EventDate "2002.12.05"]
[EventType "team-tourn"]
[EventRounds "11"]
[EventCountry "AUT"]
[SourceTitle "CBM 091 ext"]
[Source "ChessBase"]
[SourceDate "2003.01.09"]
[SourceVersion "1"]
[SourceVersionDate "2003.01.09"]
[SourceQuality "1"]
[WhiteTeam "Klagenfurter Die"]
[BlackTeam "Graz Austria"]
[WhiteTeamCountry "AUT"]
[BlackTeamCountry "AUT"]

1. Nf3 Nf6 2. c4 c5 3. e3 g6 4. d4 Bg7 5. Nc3 0-0 6. d5 d6 7. Be2 e6 8. 0-0 exd5 9. cxd5 Re8 10. Nd2 a6 11. a4 Nbd7 12. Qb3 Qc7 13. Nc4 Rb8 14. Rd1 Ne4 15. Nxe4 Rxe4 16. Bd2 Re8 17. Bc3 b6 18. Bxg7 Kxg7 19. Qc3+ Kg8 20. b4 Ne5 21. Nxe5 Rxe5 22. Rac1 a5 23. bxa5 bxa5 24. Bb5 Bb7 25. Qc4 Bc8 26. e4 Qe7 27. Re1 f5 28. f3 g5 29. Qc3 fxe4 30. fxe4 Bd7 31. Qxa5 Bxb5 32. axb5 Rxe4 33. Qd2 h6 34. Rxe4 Qxe4 35. Re1 Qd4+ 36. Qxd4 cxd4 37. Rb1 Kf7 38. Kf2 Kf6 39. Re1 Rxb5 40. Re6+ Kf5 41. Rxd6 Rb2+ 42. Ke1 Ke5 43. Rxh6 Kxd5 44. Rh5 Rxg2 45. h4 Ke4 46. Rxg5 Rh2 47. Kd1 Rxh4 48. Kd2 Rh2+ 49. Kd1 Rh3 50. Kd2 Rh2+ 0-1